| 000 | 00603nam a2200217Ia 4500 | ||
|---|---|---|---|
| 005 | 20260429112018.0 | ||
| 008 | 260429s9999||||xx |||||||||||||| ||und|| | ||
| 020 | _a9780367640729 | ||
| 041 | _aEnglish | ||
| 082 |
_a909.07 _bBIN |
||
| 100 | _aBintley, Michael | ||
| 245 | 0 |
_aLandscapes and environments of the middle ages / _cMichael Bintley |
|
| 250 | _a1st ed. | ||
| 260 |
_aNew Delhi : _bRoutledge, _c2024. |
||
| 300 | _axxii, 185 p.; pbk | ||
| 650 | _a Environmental history | ||
| 650 | _a Historical geography | ||
| 650 | _aMedieval history | ||
| 700 | _a Franklin, Kate | ||
| 942 | _cTB | ||
| 999 |
_c51883 _d51883 |
||